| 000 | 01107nam a22003137a 4500 | ||
|---|---|---|---|
| 003 | CHAP | ||
| 005 | 20220817041230.0 | ||
| 008 | 971013s1992 r 00010 d | ||
| 010 | _a9227 | ||
| 011 | _a10199 | ||
| 035 | _a9436 | ||
| 040 | _cCHAP | ||
| 082 |
_a378 _bM5 1991-92 |
||
| 110 |
_aMéxico. Coordinación Nacional para la Planeación de la Educación Superior _976897 |
||
| 245 |
_aDatos básicos de la educación superior _b: universidades públicas |
||
| 260 |
_aMéxico, D.F. : _bLa Coordinación, _c1992 |
||
| 300 |
_a187 p. _b: ilus. ; gráfs |
||
| 590 |
_aBATCH-UPD _b10 _c20130110 _lUCH01 _h1747 |
||
| 590 |
_aBATCH-UPD _b10 _c20130410 _lUCH01 _h1125 |
||
| 590 |
_aBATCH-UPD _b10 _c20130914 _lUCH01 _h1244 |
||
| 590 |
_aCONVERSION _b10 _c20130109 _lUCH01 _h1306 |
||
| 650 | 1 | 4 | _aEducación superior. |
| 650 | 1 | 4 |
_aEducación superior _xEstadísticas. _935630 |
| 650 | 1 | 4 |
_aUniversidades _xMéxico. _9116657 |
| 901 | _aBK | ||
| 942 | _cLIBRO | ||
| 949 |
_a378 M5 1991-92 _bBC _cC _d33724000889051 _eC _fc.2 _h84027 _i9436 _mD _si |
||
| 949 |
_a378 M5 1991-92 _bBC _cC _d33724000889119 _eC _h84026 _i9436 _mD _si |
||
| 999 |
_c9227 _d9227 |
||